| 000 | 00700 a2200181 4500 | ||
|---|---|---|---|
| 003 | Nust | ||
| 005 | 20230104110427.0 | ||
| 020 | _a0862880114 | ||
| 040 | _cNust | ||
| 082 | _a641.8654,CHI | ||
| 100 |
_aHawkins, Kathryn _9106736 |
||
| 245 |
_aStep by Step Chinese Cookery / _cHawkins Kathryn, |
||
| 260 |
_aLondon _bGreenWich` _c1995. |
||
| 300 | _a70p | ||
| 505 | _aIntroduction (Page-7), Chinese Ingredients (Page-8), Stocks and Soups (Page-10), Starters (Page-18), Fish and Shellfish Dishes (Page-24), Poultry Dishes (Page-32), Meat Dishes (Page-41), Salads (Page-55), Vegetarian Dishes (Page-59), Desserts (Page-66), Index (Page-70). | ||
| 650 |
_a Chines Cookery _9106737 |
||
| 942 |
_2ddc _cBK |
||
| 999 |
_c185815 _d185815 |
||